El puente y otros poemas / (Record no. 49878)

MARC details
000 -LEADER
campo de control de longitud fija 00592nam a2200205 i 4500
001 - NÚMERO DE CONTROL
campo de control 49878
003 - IDENTIFICADOR DE NÚMERO DE CONTROL
campo de control ES-MaACL
005 - FECHA Y HORA DE LA ÚLTIMA TRANSACCIÓN
campo de control 20260201161658.0
007 - CAMPO FIJO DE DESCRIPCIÓN FÍSICA--INFORMACIÓN GENERAL
campo de control de longitud fija t|
008 - DATOS DE LONGITUD FIJA--INFORMACIÓN GENERAL
campo de control de longitud fija 030724s1973 sp ||||1| spa d
100 1# - ENTRADA PRINCIPAL--NOMBRE DE PERSONA
Nombre de persona Crane, Harold Hart.
9 (RLIN) 41442
245 13 - MENCIÓN DEL TÍTULO
Título El puente y otros poemas /
Mención de responsabilidad, etc. Harold Hart Crane ; versión de Agustí Bartra.
250 ## - MENCION DE EDICION
Mención de edición [1ª ed.].
260 ## - PUBLICACIÓN, DISTRIBUCIÓN, ETC.
Lugar de publicación, distribución, etc. [Barcelona] :
Nombre del editor, distribuidor, etc. Plaza & Janés,
Fecha de publicación, distribución, etc. [1973]
300 ## - DESCRIPCIÓN FÍSICA
Extensión 205 p. ;
Dimensiones 19 cm.
500 ## - NOTA GENERAL
Nota general Texto bilingüe.
700 1# - ENTRADA AGREGADA--NOMBRE PERSONAL
Nombre de persona Bartra, Agustí
9 (RLIN) 26185
852 ## - LOCALIZACIÓN
Ubicación ES-MaACL
Número de control de estantería C-54108
Sublocalización o colección R.86996
Holdings
Estatus retirado Estado de pérdida Estado de daño No para préstamo Biblioteca de origen Biblioteca actual Ubicación en estantería Fecha de adquisición Fuente de adquisición Total de préstamos Signatura topográfica completa Código de barras Visto por última vez Precio de reemplazo Tipo de ítem Koha
        Biblioteca del Ateneo de Madrid Biblioteca del Ateneo de Madrid Depósito 2 17/01/2008     C-54108 1052475 23/02/2023 23/02/2023 Libro impreso